MARC details
| 000 -CABECERA |
| campo de control de longitud fija |
03625nam a2200457 a 4500 |
| 003 - IDENTIFICADOR DEL NÚMERO DE CONTROL |
| campo de control |
CHAP |
| 005 - FECHA Y HORA DE LA ÚLTIMA TRANSACCIÓN |
| campo de control |
20241008083407.0 |
| 007 - CAMPO FIJO DE DESCRIPCIÓN FÍSICA--INFORMACIÓN GENERAL |
| campo de control de longitud fija |
cr ||||||a|c|a |
| 008 - DATOS DE LONGITUD FIJA--INFORMACIÓN GENERAL |
| campo de control de longitud fija |
101115s2010 mx r 00010 spa d |
| 035 ## - NÚMERO DE CONTROL DEL SISTEMA |
| Número de control de sistema |
111456 |
| 040 ## - FUENTE DE LA CATALOGACIÓN |
| Centro/agencia transcriptor |
CHAP |
| 090 ## - LOCALMENTE ASIGNADO TIPO-LC NÚMERO DE CLASIFICACIÓN (OCLC); NÚMERO DE CLASIFICACIÓN LOCAL (RLIN) |
| Número de clasificación (OCLC) (R) ; Numero de clasificación, CALL (RLIN) (NR) |
Tesis |
| 100 1# - ENTRADA PRINCIPAL--NOMBRE DE PERSONA |
| Nombre de persona |
Valentin Miguel, Abdón Luis. |
| 9 (RLIN) |
117463 |
| 245 10 - MENCIÓN DE TÍTULO |
| Título |
Análisis de frecuencia de valores extremos de caudales con el software HEC- SSP |
| Mención de responsabilidad, etc. |
/por Abdón Luis Valentin Miguel; director de tesis Laura Alicia Ibañez Castillo. |
| 264 #1 - PRODUCCIÓN, PUBLICACIÓN, DISTRIBUCIÓN, FABRICACIÓN Y COPYRIGHT |
| Producción, publicación, distribución, fabricación y copyright |
Chapingo, Méx. : |
| Nombre del de productor, editor, distribuidor, fabricante |
El autor, |
| Fecha de producción, publicación, distribución, fabricación o copyright |
2010. |
| 300 ## - DESCRIPCIÓN FÍSICA |
| Extensión |
1 recurso en línea (164 páginas): |
| Otras características físicas |
figuras, cuadros. |
| 336 ## - TIPO DE CONTENIDO |
| Fuente |
rdacontent |
| Término de tipo de contenido |
texto |
| Código de tipo de contenido |
txt |
| 337 ## - TIPO DE MEDIO |
| Fuente |
rdamedia |
| Nombre/término del tipo de medio |
computadora |
| Código del tipo de medio |
c |
| 338 ## - TIPO DE SOPORTE |
| Fuente |
rdacarrier |
| Nombre/término del tipo de soporte |
recursos en línea |
| Código del tipo de soporte |
cr |
| 502 ## - NOTA DE TESIS |
| Nota de tesis |
Tesis (Ing. en Irrigación) -- UACH. Departamento de Irrigación |
| Tipo de título |
Ingeniería en Irrigación |
| Nombre de la institución que otorga el título |
Departamento de Irrigación, |
| Año de obtención del título |
2010. |
| Información miscelánea |
Licenciatura |
| 520 ## - SUMARIO, ETC. |
| Sumario, etc. |
En este trabajo se tiene la finalidad de comparar los resultados de los cuantiles calculados entre una hoja de cálculo de Excel de Microsoft Office en donde se programaron 4 distribuciones probabilísticas con el Método de los Momentos y utilizando el software HEC-SSP, el cual fue creado y diseñado en Estados Unidos para realizar un análisis de frecuencia de valores extremos, siguiendo los lineamiento del Boletín Hidrológico 17B “Orientaciones para determinar la frecuencia de flujo de inundación” éste a su vez elaborado bajo las condiciones propias de los caudales máximos observados en Estados Unidos. Esta comparación se realizó para poder adoptar a este software como una herramienta de trabajo para el análisis de frecuencia de valores extremos de flujos en hidrología. Los cuantiles fueron calculados con las siguientes distribuciones probabilísticas: Normal, Log Normal de 2 parámetros, Pearson tipo III y Log Pearson tipo III, tanto en la hoja de Excel como con el software HEC-SSP. El análisis probabilístico se efectuó usando las series obtenidas en la base de datos BANDAS, seleccionando 3 estaciones hidrométricas de la región hidrología número 23 Costa de Chiapas y 13 estaciones hidrométricas de la región hidrológica número 30 Grijalva-Usumacinta. La longitud de registro de las series de datos, variaron de 14 a 57 años de registro. Y se observó que el software tiene dos desventajas, la primera; no incluye a la distribución Gumbel y la segunda no realiza prueba de bondad de ajuste por lo que esta última se realizó con la prueba Kolmogorov-Smirnov. La recomendación derivada de este trabajo es que se emplee el software HEC-SSP como una herramienta de trabajo para efectuar el análisis de frecuencia de valores extremos de caudales en hidrología para cualquier estación hidrológica del país |
| 650 14 - PUNTO DE ACCESO ADICIONAL DE MATERIA--TÉRMINO DE MATERIA |
| Término de materia o nombre geográfico como elemento de entrada |
Cuenca hidrológica |
| Subdivisión general |
Chiapas. |
| 9 (RLIN) |
30069 |
| 650 14 - PUNTO DE ACCESO ADICIONAL DE MATERIA--TÉRMINO DE MATERIA |
| Término de materia o nombre geográfico como elemento de entrada |
Métodos estadísticos. |
| 9 (RLIN) |
76631 |
| 650 14 - PUNTO DE ACCESO ADICIONAL DE MATERIA--TÉRMINO DE MATERIA |
| Término de materia o nombre geográfico como elemento de entrada |
Procesamiento automático de datos. |
| 9 (RLIN) |
91738 |
| 650 14 - PUNTO DE ACCESO ADICIONAL DE MATERIA--TÉRMINO DE MATERIA |
| Término de materia o nombre geográfico como elemento de entrada |
Software. |
| 9 (RLIN) |
108281 |
| 700 0# - PUNTO DE ACCESO ADICIONAL--NOMBRE DE PERSONA |
| Nombre de persona |
Ibáñez Castillo, Laura Alicia |
| 9 (RLIN) |
57233 |
| Término indicativo de función/relación |
Director de tesis. |
| 856 ## - LOCALIZACIÓN Y ACCESO ELECTRÓNICOS |
| Identificador Uniforme del Recurso |
http://10.13.5.2/tesis/111456.pdf |
| Nota pública |
DESCARGAR PDF |
| 942 ## - ELEMENTOS DE PUNTO DE ACCESO ADICIONAL (KOHA) |
| Tipo de ítem Koha |
Tesis digital |
| Fuente del sistema de clasificación o colocación |
Clasificación Universidad Autónoma Chapingo |
| 590 ## - NOTA LOCAL (RLIN) |
| Nota local |
ALEPH |
| Procedencia (VM) [OBSOLETO] |
10 |
| Condición del los carretes individuales (VM) [OBSOLETO] |
20130110 |
| 590 ## - NOTA LOCAL (RLIN) |
| Nota local |
BATCH-UPD |
| Procedencia (VM) [OBSOLETO] |
10 |
| Condición del los carretes individuales (VM) [OBSOLETO] |
20130110 |
| 590 ## - NOTA LOCAL (RLIN) |
| Nota local |
BATCH-UPD |
| Procedencia (VM) [OBSOLETO] |
10 |
| Condición del los carretes individuales (VM) [OBSOLETO] |
20130410 |
| 590 ## - NOTA LOCAL (RLIN) |
| Nota local |
BATCH-UPD |
| Procedencia (VM) [OBSOLETO] |
10 |
| Condición del los carretes individuales (VM) [OBSOLETO] |
20130914 |
| 590 ## - NOTA LOCAL (RLIN) |
| Nota local |
BATCH-UPD |
| Procedencia (VM) [OBSOLETO] |
10 |
| Condición del los carretes individuales (VM) [OBSOLETO] |
20140324 |
| 590 ## - NOTA LOCAL (RLIN) |
| Nota local |
BATCH-UPD |
| Procedencia (VM) [OBSOLETO] |
10 |
| Condición del los carretes individuales (VM) [OBSOLETO] |
20141002 |
| 590 ## - NOTA LOCAL (RLIN) |
| Nota local |
CONVERSION |
| Procedencia (VM) [OBSOLETO] |
10 |
| Condición del los carretes individuales (VM) [OBSOLETO] |
20130109 |
| 901 ## - ELEMENTOS DE DATOS A LOCAL LDA (RLIN) |
| a |
BK |
| 949 ## - PROCESAMIENTO DE INFORMACIÓN LOCAL (OCLC) |
| a |
Tesis |
| b |
BC |
| c |
TES |
| d |
33724002223082 |
| e |
TS2 |
| f |
c.2 |
| g |
DonaciØn |
| h |
51458 |
| i |
111456 |
| s |
b |
| 949 ## - PROCESAMIENTO DE INFORMACIÓN LOCAL (OCLC) |
| a |
Tesis |
| b |
BC |
| c |
TES |
| d |
33724002223124 |
| e |
TS1 |
| g |
DonaciØn |
| h |
51457 |
| i |
111456 |
| s |
b |